| 000 | 00571nam a2200217Ia 4500 | ||
|---|---|---|---|
| 003 | OSt | ||
| 005 | 20220926030809.0 | ||
| 006 | a|||||r|||| 00| 0 | ||
| 007 | ta | ||
| 008 | 220923b |||||||| |||| 00| 0 eng d | ||
| 037 | _cGeneral Book | ||
| 040 |
_aRTL _cRTL _beng |
||
| 041 |
_2eng _aeng |
||
| 082 | _aX71.236.N73 | ||
| 110 | _aPUNJAB, (Govt. of-). | ||
| 245 | 0 | _aPunjab Budget at a Glance 1973-74 | |
| 260 |
_aPunjab _bGovt. of Punjab |
||
| 700 | _aPUNJAB, (Govt. of-). | ||
| 942 |
_hX71.236.N73 _cGB _2CC |
||
| 999 |
_c650741 _d650741 |
||